00000000nam##2200000za#4500
0019.599117
003CaOODSP
00520210624204915
007cr |||||||||||
008150406|1999||||xxc|||||o    f|0| 0 fre|d
040 |aCaOODSP|bfre
043 |an-cn---
0861 |aBT31-2/2000-III-83F-PDF
1101 |aCanada. |bConseil du trésor.
24510|aComité externe d'examen de la GRC, budget des dépenses 1999-2000, rapport sur les plans et les priorités |h[ressource électronique]
260 |bSecrétariat du Conseil du Trésor du Canada |c1999.
300 |a22p.|borganigramme, tableaux
4901 |aBudget des dépenses 1999-2000. Partie III, Rapport sur les plans et les priorités |v1999-2000
590 |a10-13-Supp|b2010-11-23
77508|tRCMP External Review Committee, 1999-2000 estimates, report on plans and priorities |w(CaOODSP)9.567793
7760#|tRCMP External Review Committee |w(CaOODSP)9.531706
7760#|tComité externe d'examen de la GRC |w(CaOODSP)9.531707
830#0|aBudget des dépenses 1999-2000. Partie III, Rapport sur les plans et les priorités ;|v1999-2000|w(CaOODSP)9.502119
85640|ahttp://publications.gc.ca|qPDF|s51 Ko|uhttps://publications.gc.ca/collections/Collection/BT31-2-2000-III-83F.pdf|y1999-2000